000 01208nam a2200217Ia 4500
003 Ost
005 20260507075258.0
008 260507s9999||||xx |||||||||||||| ||und||
040 _cfsecg
041 _aara
082 _a330
100 _aخاطر، احمد مصطفى
_eمؤلف
245 0 _aاستخدمات الإدارة العامة في الخدمة الاجتماعية والبحوث التقويمية /
_c احمد مصطفى خاطر
260 _aالاسكندرية:
_bالمكتبة الجامعية,
_c2001
300 _a367 صفحة؛
_c25 سم
520 _aالتعريف با لادارة والمفاهيم ذات العلاقة الاداريةمع المقارنة للمؤسسات الاجتماعية بين الادارة العامة وادارة الاعمال ،المنظمة في الادارة و وظائفها و عملياتها،التغير في بناء ووظائف المؤسسات الاجتماعية و تقويم مشروعات الرعاية الاجتماعية مع اساليب وتقنيات التقويم.
653 _aالادارة العامة
653 _aالبحوث
653 _aالخدمات الإجتماعية
942 _cكتاب
999 _c43766
_d43766